Hadis qudsi 40

Bibliographic Details
Main Author: نووي , 1233-1277 (Author)
Format: Book
Published: Kuala Lumpur : ABIM , 1985
Subjects:

MARC

LEADER 00000cam a2200000 7i4500
001 0000005950
005 20110223093000.0
008 021119s1985
090 0 0 |a BP135.A2   |b N2913 
100 0 |a نووي ,   |d 1233-1277 ,   |e author 
240 2 0 |a حديث قدسي   |l Bahasa Malaysia 
245 1 0 |a Hadis qudsi 40   |c Imam Nawawi   |f dikumpul oleh Ezzeddin Ibrahim   |f diterjemahkan oleh Mohd. Khir Hj. Yaacob 
260 2 |a Kuala Lumpur :   |b ABIM ,   |c 1985 
300 |a xviii, 105 p. ;   |c 17 cm. 
650 0 |a Hadith 
999 |a 1000002710   |b Book   |c OPEN SHELF (30 DAYS)   |e Gong Badak Campus 
999 |a 1000002711   |b Book   |c OPEN SHELF (30 DAYS)   |e Gong Badak Campus 
999 |a 1000002712   |b Book   |c OPEN SHELF (30 DAYS)   |e Gong Badak Campus